000 00332nam a22001457a 4500
008 180917b xxu||||| |||| 00| 0 eng d
020 _a9780062720160
041 _aeng
080 _a82
082 _a82
100 _a22
101 _aGJL
245 _aThe American Reader Words that moved a Nation
_cRavitch,D
942 _2udc
_cBK
999 _c47840
_d47840